000 00408nam a22001697a 4500
003 MACL
005 20160116144940.0
008 160116b xxu||||| |||| 00| 0 eng d
040 _cMACL
041 _aEnglish
082 _a910/CHO
100 _aChopra Vivek
_932907
245 _a Destination Madhya Pradesh
260 _aJaipur
_bSurendra Offset
_c2011
650 _aGeography
_932908
942 _2ddc
_cBK
999 _c52647
_d52647